00586cam a22001457a 4500008004000000082001500040245010200055260005000157300000900207500004100216700004300257700003500300999001900335952008600354180718b1949 xxu||||| |||| 00| 0 eng d aP63x42 Un3 aReport of a special committee on education for commercecby Ministry of Education, United Kingtom aLondonbHis Majesty's Stationery Officec1949 a78p. aChairman: Alexander M. Carr-Saunders aCarr-Saunders, Alexander M. (Chairman) aUnited Kingtom. Ministry of Ed c417443d417443 00104070aIIPAbIIPAd2009-03-25oP63x42 Un3p19285r2018-07-21w2018-07-21yBK